000
00328nam a2200133Ia 4500
008
191201s2010 xx 000 0 und d
100
_a
SAXENA, Sanjay
245
0
_a
Computer Applications in Management
250
_a
Rep
260
_a
N.Delhi
_b
Vikas Publication House
_c
2010
300
_a
537
650
_a
MBA
942
_2
ddc
_c
BK
999
_c
5379
_d
5379